Domiciliary Care in Midwifery (Record no. 153394)

MARC details
000 -LEADER
fixed length control field 00276nam a2200109Ia 4500
008 - FIXED-LENGTH DATA ELEMENTS--GENERAL INFORMATION
fixed length control field 230411s9999 xx 000 0 und d
041 ## - LANGUAGE CODE
Language code of text/sound track or separate title eng
082 ## - DEWEY DECIMAL CLASSIFICATION NUMBER
Classification number OG/610.73678/IND/B02170
100 ## - MAIN ENTRY--PERSONAL NAME
Personal name Indrani TK
245 ## - TITLE STATEMENT
Title Domiciliary Care in Midwifery
Holdings
Withdrawn status Lost status Damaged status Not for loan Collection code Home library Current library Date acquired Vendor Cost, normal purchase price Bill number Full call number Barcode Date last seen Cost, replacement price Bill Date Koha item type Original Barcode
      Reference Gynecology Smt. Bakul Tambat Institute of Nursing Education Smt. Bakul Tambat Institute of Nursing Education 27/01/2005 B.J.Medical Co-oprative College Stores 150.00 1037 OG 610.73678 IND B02170 BTIN-BK-2170 11/04/2023 113.00 27/01/2005 Books B02170